=LDR 00000nam 2200000 4500 =001 001018 =005 20250712030214 =035 ##$$a 0010-0725000897 =007 ta =008 250712################a##########0#ind## =020 ##$$a 978-623-307-767-5 =082 ##$$a 398.209 598 =084 ##$$a 398.209 598 LIK w =100 #$$a Likkhena khim =245 1#$$a Waktunya berbelanja /$c Khim likkhena =250 ##$$a Cetakan pertama =260 ##$$a Rawamangun :$b Badan pengembangan dan pembinaan bahasa,$c 2022 =300 ##$$a 12 hlm. : $b Ilus. ; $c 22,9 cm.